Moonstruck in Manhattan / (Record no. 2703)
[ view plain ]
| 000 -LEADER | |
|---|---|
| fixed length control field | 01660cam a2200433 a 4500 |
| 001 - CONTROL NUMBER | |
| control field | 222497 |
| 003 - CONTROL NUMBER IDENTIFIER | |
| control field | GBCCL |
| 005 - DATE AND TIME OF LATEST TRANSACTION | |
| control field | 20241126110437.0 |
| 008 - FIXED-LENGTH DATA ELEMENTS--GENERAL INFORMATION | |
| fixed length control field | 980903s1998 mnu c 000 1 eng d |
| 010 ## - | |
| -- | 99185341 |
| 020 ## - INTERNATIONAL STANDARD BOOK NUMBER | |
| International Standard Book Number | 0764220667 |
| 035 ## - SYSTEM CONTROL NUMBER | |
| System control number | (OCoLC)39796712 |
| 040 ## - CATALOGING SOURCE | |
| Original cataloging agency | IChamL |
| Transcribing agency | IChamL |
| Modifying agency | DLC |
| 042 ## - | |
| -- | lccopycat |
| -- | lcac |
| 050 00 - | |
| -- | PZ7.N437746 |
| -- | Mo 1998 |
| 082 00 - DEWEY DECIMAL CLASSIFICATION NUMBER | |
| Classification number | 813.54 |
| Edition information | 21 |
| Item number | NEN |
| 100 1# - MAIN ENTRY--PERSONAL NAME | |
| Personal name | Nentwig, Wendy Lee. |
| 9 (RLIN) | 5711 |
| 245 10 - TITLE STATEMENT | |
| Title | Moonstruck in Manhattan / |
| Statement of responsibility, etc. | Wendy Lee Nentwig. |
| 260 ## - PUBLICATION, DISTRIBUTION, ETC. | |
| Place of publication, distribution, etc. | Minneapolis, Minn. : |
| Name of publisher, distributor, etc. | Bethany House, |
| Date of publication, distribution, etc. | c1998. |
| 300 ## - PHYSICAL DESCRIPTION | |
| Extent | 155 p. ; |
| Dimensions | 20 cm. |
| 490 1# - SERIES STATEMENT | |
| Series statement | Unmistakably Cooper Ellis ; |
| Volume/sequential designation | 2 |
| 520 ## - SUMMARY, ETC. | |
| Summary, etc. | Sophomore high school student Cooper Ellis is torn between her friends, family, modeling job, and her first boyfriend. |
| 521 1# - TARGET AUDIENCE NOTE | |
| Target audience note | "Ages 12 and up" -- P. [4] of cover. |
| 650 #0 - SUBJECT ADDED ENTRY--TOPICAL TERM | |
| Topical term or geographic name entry element | Models (Persons) |
| Form subdivision | Juvenile fiction. |
| 9 (RLIN) | 5712 |
| 650 #0 - SUBJECT ADDED ENTRY--TOPICAL TERM | |
| Topical term or geographic name entry element | Best friends |
| Form subdivision | Juvenile fiction. |
| 9 (RLIN) | 5713 |
| 650 #0 - SUBJECT ADDED ENTRY--TOPICAL TERM | |
| Topical term or geographic name entry element | High schools |
| Form subdivision | Juvenile fiction. |
| 9 (RLIN) | 5714 |
| 650 #1 - SUBJECT ADDED ENTRY--TOPICAL TERM | |
| Topical term or geographic name entry element | Models (Persons) |
| Form subdivision | Fiction. |
| 9 (RLIN) | 5715 |
| 650 #1 - SUBJECT ADDED ENTRY--TOPICAL TERM | |
| Topical term or geographic name entry element | Best friends |
| Form subdivision | Fiction. |
| 9 (RLIN) | 5716 |
| 650 #1 - SUBJECT ADDED ENTRY--TOPICAL TERM | |
| Topical term or geographic name entry element | Friendship |
| Form subdivision | Fiction. |
| 9 (RLIN) | 5717 |
| 650 #1 - SUBJECT ADDED ENTRY--TOPICAL TERM | |
| Topical term or geographic name entry element | High schools |
| Form subdivision | Fiction. |
| 9 (RLIN) | 5718 |
| 650 #1 - SUBJECT ADDED ENTRY--TOPICAL TERM | |
| Topical term or geographic name entry element | Schools |
| Form subdivision | Fiction. |
| 9 (RLIN) | 5719 |
| 650 #1 - SUBJECT ADDED ENTRY--TOPICAL TERM | |
| Topical term or geographic name entry element | Christian life |
| Form subdivision | Fiction. |
| 9 (RLIN) | 533 |
| 651 #1 - SUBJECT ADDED ENTRY--GEOGRAPHIC NAME | |
| Geographic name | New York (N.Y.) |
| Form subdivision | Fiction. |
| 9 (RLIN) | 5720 |
| 655 #7 - INDEX TERM--GENRE/FORM | |
| Genre/form data or focus term | Christian fiction. |
| Source of term | gsafd |
| 9 (RLIN) | 256 |
| 800 1# - | |
| -- | Nentwig, Wendy Lee. |
| -- | Unmistakably Cooper Ellis ; |
| -- | 2. |
| -- | 5721 |
| 906 ## - LOCAL DATA ELEMENT F, LDF (RLIN) | |
| a | 7 |
| b | cbc |
| c | copycat |
| d | 2 |
| e | ncip |
| f | 19 |
| g | y-gencatlg |
| 942 ## - ADDED ENTRY ELEMENTS (KOHA) | |
| Source of classification or shelving scheme | Dewey Decimal Classification |
| Koha item type | Books |
| Koha issues (borrowed), all copies | 2 |
| Withdrawn status | Lost status | Source of classification or shelving scheme | Damaged status | Not for loan | Home library | Current Library | Shelving location | Date acquired | Total checkouts | Full call number | Barcode | Date last seen | Copy number | Price effective from | Koha item type | Date last checked out |
|---|---|---|---|---|---|---|---|---|---|---|---|---|---|---|---|---|
| Dewey Decimal Classification | GRACE BIBLE COLLEGE | GRACE BIBLE COLLEGE | General Studies | 2017-09-12 | 813.54 NEN | 007687 | 2025-05-01 | c.1 | 2017-09-12 | Books | ||||||
| Dewey Decimal Classification | GRACE BIBLE COLLEGE | GRACE BIBLE COLLEGE | General Studies | 2017-09-12 | 1 | 813.54 NEN | 007688 | 2025-05-01 | c.2 | 2017-09-12 | Books | 2022-03-01 | ||||
| Dewey Decimal Classification | GRACE BIBLE COLLEGE | GRACE BIBLE COLLEGE | General Studies | 2017-09-12 | 1 | 813.54 NEN | 007689 | 2025-05-01 | c.3 | 2017-09-12 | Books | 2020-02-28 |